Truyền thống gia đình và bản sắc dân tộc Việt Nam : Truyền thống hiếu học và tôn sư trọng đạo
Gồm truyền thống thẩm mỹ của dân tộc Việt Nam qua quan niệm thẩm mỹ về người đẹp, cái đẹp trong bức tranh dân gian, truyền thuyết con rồng cháu tiên đến rồng trong mỹ thuật truyền thống dân tộc; phát huy truyền thống bản sắc văn hóa dân...
Wedi'i Gadw mewn:
| Prif Awdur: | |
|---|---|
| Fformat: | Llyfr |
| Iaith: | Undetermined |
| Cyhoeddwyd: |
Hà Nội
Văn hóa Thông tin
2006
|
| Pynciau: | |
| Tagiau: |
Ychwanegu Tag
Dim Tagiau, Byddwch y cyntaf i dagio'r cofnod hwn!
|
| Thư viện lưu trữ: | Trung tâm Học liệu Trường Đại học Cần Thơ |
|---|
| LEADER | 01258nam a2200229Ia 4500 | ||
|---|---|---|---|
| 001 | CTU_101163 | ||
| 008 | 210402s9999 xx 000 0 und d | ||
| 020 | |c 23500 | ||
| 082 | |a 306.43597 | ||
| 082 | |b L431 | ||
| 100 | |a Nguyễn, Thế Long | ||
| 245 | 0 | |a Truyền thống gia đình và bản sắc dân tộc Việt Nam : | |
| 245 | 0 | |b Truyền thống hiếu học và tôn sư trọng đạo | |
| 245 | 0 | |c Nguyễn Thế Long | |
| 260 | |a Hà Nội | ||
| 260 | |b Văn hóa Thông tin | ||
| 260 | |c 2006 | ||
| 520 | |a Gồm truyền thống thẩm mỹ của dân tộc Việt Nam qua quan niệm thẩm mỹ về người đẹp, cái đẹp trong bức tranh dân gian, truyền thuyết con rồng cháu tiên đến rồng trong mỹ thuật truyền thống dân tộc; phát huy truyền thống bản sắc văn hóa dân tộc Việt Nam và việc giao lưu văn hóa thế giới, văn hóa và hôn nhân, tính cách dân tộc của người Việt ở Mỹ.... | ||
| 650 | |a Education | ||
| 650 | |x Educational anthropology | ||
| 904 | |i Hiếu | ||
| 980 | |a Trung tâm Học liệu Trường Đại học Cần Thơ | ||